UBT Library

INTRODUTORY STATISTICS FOR THE BEHVIORAL SCIENCE (Record no. 35942)

000 -LEADER
fixed length control field 00325nam a22001337a 4500
008 - FIXED-LENGTH DATA ELEMENTS--GENERAL INFORMATION
fixed length control field 171025b xxu||||| |||| 00| 0 eng d
020 ## - INTERNATIONAL STANDARD BOOK NUMBER
International Standard Book Number 0127432701
041 ## - LANGUAGE CODE
Language code of text/sound track or separate title eng
080 ## - UNIVERSAL DECIMAL CLASSIFICATION NUMBER
Edition identifier 3 ED
Universal Decimal Classification number 311
100 ## - Rafti
Rafti 55
101 ## - Shkurtesa
Shkurtesa STA
245 ## - TITLE STATEMENT
Title INTRODUTORY STATISTICS FOR THE BEHVIORAL SCIENCE
Statement of responsibility, etc EWEN.R.B
942 ## - ADDED ENTRY ELEMENTS (KOHA)
Source of classification or shelving scheme
Item type Books
Holdings
Withdrawn status Lost status Source of classification or shelving scheme Damaged status Not for loan Collection code Permanent location Current location Shelving location Date acquired Total Checkouts Full call number Barcode Date last seen Price effective from Koha item type
          Koleksioni i përgjithshem UBT - Lipjan UBT - Lipjan Koleksioni i përgjithshem 10/25/2017   311 EWE 002-2932952 10/25/2017 10/25/2017 Books
UBT Library © 2015-2024. All rights reserved University Education for Business and Technology